|
|
|
|
| LEADER |
01466nam a2200325 u 4500 |
| 001 |
10017566 |
| 003 |
upatras |
| 005 |
20210117205112.0 |
| 008 |
881025s1995 eng |
| 020 |
|
|
|a 3908450098
|
| 040 |
|
|
|a GR-PaULI
|c GR-PaULI
|
| 041 |
0 |
|
|a eng
|
| 082 |
0 |
4 |
|a 620.112 3
|
| 245 |
1 |
0 |
|a Non linear phenomena in materials science III
|b instabilities and patterning
|b Proceedings of the indo-french workshop on instabilities and patterning and of the international meeting on non linear phenomena in materials science
|c editors G. Ananthakrishna, L. P. Kubin, G. Martin
|
| 260 |
|
|
|a Aedermannsdorf
|b Scitec Publications
|c 1995
|
| 300 |
|
|
|a ix, 342 p.
|c 25 cm
|
| 490 |
0 |
|
|a Solid state phenomena
|v 42,43
|
| 505 |
1 |
|
|a Includes references and author index
|
| 650 |
|
4 |
|a Συνέδρια
|9 3008
|
| 650 |
|
4 |
|a Υλικά κατασκευών
|9 2720
|
| 650 |
|
4 |
|9 2523
|a Υλικά
|x Μηχανικές ιδιότητες
|
| 650 |
|
4 |
|9 179
|a Φυσική της στερεάς κατάστασης
|
| 700 |
1 |
|
|a Ananthakrishna, G.
|9 139848
|
| 700 |
1 |
|
|a Kubin, L. P.
|9 139849
|
| 700 |
1 |
|
|a Martin, G.
|9 13136
|
| 760 |
1 |
|
|a Solid state phenomena
|g 42,43
|
| 852 |
|
|
|a GR-PaULI
|b ΠΑΤΡΑ
|b ΒΚΠ
|b ΒΣ1
|k ΑΣΧΞ
|h 620.112 3 A
|m 37040
|p 025000077870
|t 1
|
| 942 |
|
|
|2 ddc
|c BK15
|
| 952 |
|
|
|0 0
|1 0
|4 0
|6 620_112000000000000_3_A
|7 0
|9 168901
|a LISP
|b LISP
|c BSC
|d 2016-04-24
|i 37040
|l 0
|o 620.112 3 A
|p 025000077870
|r 2016-04-24 00:00:00
|t 1
|w 2016-04-24
|y BK15
|
| 999 |
|
|
|c 105602
|d 105602
|